Vista normal
Vista MARC
Entrada Nombre corporativo
Número de registros utilizados en: 1
001 - NÚMERO DE CONTROL
- Campo de control: 38962
003 - IDENTIFICADOR DE NÚMERO DE CONTROL
- Campo de control: ES-MaCES
005 - FECHA Y HORA DE LA ULTIMA MODIFICACION
- Campo de control: 20180306102639.0
008 - ELEMENTOS DE DATOS DE LONGITUD FIJA
- Campo de longitud fija: 080326 | azznnaabn || ana d
035 ## - NÚMERO DE CONTROL DEL SISTEMA
- Número de control del sistema: CES20080000336e
040 ## - FUENTE DE LA CATALOGACIÓN
- Agencia original de catalogación: ES-MaCES
- Idioma de catalogación: spa
- Agencia de transcripción: ES-MaCES
110 2# - ENCABEZAMIENTO--NOMBRE CORPORATIVO
- Nombre corporativo o de jurisdicción como elemento de entrada: Politikon (grupo)
500 1# - TRAZADO VEÁSE ADEMÁS--NOMBRE DE PERSONA
- Nombre de persona: Abenza, Luis
670 ## - FUENTE DE DATOS ENCONTRADOS
- Fuente de citación: Rebiun
- Información encontrada: : compuesto por Luis Abenza ... [et al.]. ¡OJO¡, Politikon (grupo) es 110 y se saca secundaria de sus miembros como 100. Politikon es el proyecto común de un grupo de académicos y profesionales independientes que se reunieron en 2010 con el fin de promover debates y políticas basados en el conocimiento de las ciencias sociales
901 ## - CES. DATOS SIRTEX
- ID Sirtex (N5N8): 0001800007024
- 005BIS Sirtex: 200803261348ALORITE

